Statistics for All Counties of the United States by Proximity

Click here to take the quiz!

General Stats

  • This quiz has been taken 22,933 times
  • The average score is 2084 of 3142

Answer Stats

State County % Correct
NJSomerset
95%
NYOrange
95%
NJSussex
95%
NJWarren
95%
VAFairfax
94%
INBartholomew
94%
KYOldham
94%
INJackson
94%
INJennings
94%
INWashington
94%
MDCarroll
94%
INOrange
94%
MDFrederick
94%
MDHoward
94%
INJefferson
94%
VALoudoun
94%
MDMontgomery
94%
NJPassaic
94%
NJEssex
94%
INBrown
94%
INLawrence
94%
NJUnion
94%
VAManassas
94%
NJMorris
94%
INCrawford
94%
VAClarke
94%
VAManassas Park
94%
INClark
94%
INScott
94%
VAFairfax
94%
VAFauquier
94%
KYJefferson
94%
NYRockland
93%
NYRichmond
93%
INPerry
93%
PAFranklin
93%
VAEssex
93%
NYQueens
93%
NYKings
93%
NYPutnam
93%
INMonroe
93%
INMartin
93%
NJBergen
93%
NJHudson
93%
INDaviess
93%
NYNew York
93%
NYNassau
93%
MDWashington
93%
NYBronx
93%
VARichmond
93%
PAAdams
93%
KYBullitt
93%
KYTrimble
93%
INHarrison
93%
KYBreckinridge
93%
INFloyd
93%
NCBurke
93%
INGreene
93%
VAWarren
93%
PAYork
93%
NYWestchester
93%
KYMeade
93%
INDubois
93%
GAWilkinson
92%
GAWashington
92%
VAFranklin
92%
GABaldwin
92%
CTFairfield
92%
VAChesapeake
92%
NELancaster
92%
GAJasper
92%
NESaline
92%
NEColfax
92%
NENuckolls
92%
NCGates
92%
GAPutnam
92%
VASuffolk
92%
PAPerry
91%
NJHunterdon
91%
KYBoyle
91%
KYBourbon
91%
GAJones
91%
OHFayette
91%
MOSt. Charles
91%
GAMorgan
91%
NEFillmore
91%
GATaliaferro
91%
KYGarrard
91%
MOSt. Louis
91%
INJohnson
91%
ILMadison
91%
NEButler
91%
GAWilkes
91%
OHDarke
91%
NESaunders
91%
NEThayer
91%
GAJohnson
91%
GABibb
91%
OHHamilton
91%
VTOrange
91%
ALClarke
91%
PACumberland
91%
OHWarren
91%
FLJackson
91%
KYMercer
91%
KYLincoln
91%
VTCaledonia
91%
VTChittenden
91%
VTEssex
91%
VTLamoille
91%
NEJefferson
91%
VTOrleans
91%
VTWashington
91%
GAGreene
91%
NCPolk
91%
KYAnderson
90%
INFayette
90%
KYClark
90%
KYCasey
90%
NCCabarrus
90%
KYRockcastle
90%
KYRussell
90%
VAFalls Church
90%
KYScott
90%
FLHolmes
90%
IAGuthrie
90%
NCCleveland
90%
KYSpencer
90%
KYPulaski
90%
INHamilton
90%
NCMecklenburg
90%
KYWashington
90%
VACulpeper
90%
INClinton
90%
NCGaston
90%
KYWoodford
90%
ILSt. Clair
90%
FLWashington
90%
NCLincoln
90%
GABleckley
90%
NCBuncombe
90%
KYNelson
90%
MDBaltimore
90%
KYFayette
90%
VTRutland
90%
VTWindsor
90%
KYJessamine
90%
INBoone
90%
VTAddison
90%
NHGrafton
90%
GAJefferson
90%
MDBaltimore
90%
TXWalker
90%
KYMadison
90%
GAHouston
90%
KYMetcalfe
90%
NHSullivan
90%
GALaurens
90%
INDecatur
90%
MDHarford
90%
VAPrince William
90%
FLCalhoun
90%
ILWashington
90%
GAHancock
90%
GADodge
90%
TNJefferson
90%
NCRutherford
90%
NCAvery
90%
GAMacon
90%
GALincoln
90%
INWayne
90%
PALancaster
90%
IAAudubon
90%
KYAdair
90%
IAShelby
90%
WVPleasants
90%
KSLeavenworth
90%
TNCocke
90%
MOPlatte
90%
WVJefferson
90%
OHGreene
90%
WVDoddridge
90%
OHLogan
90%
ARCalhoun
90%
MOWarren
90%
GAWheeler
90%
ARCleveland
90%
OHClinton
90%
MOSt. Louis City
90%
GAWarren
90%
OHClark
90%
WVTyler
90%
OHMadison
90%
ARDrew
90%
OHUnion
90%
WIWalworth
90%
INTipton
90%
SCCherokee
90%
ILClinton
90%
ALDale
90%
ILBond
90%
MSGreene
90%
ALGeneva
90%
OHShelby
90%
OHMiami
90%
ALHouston
90%
OHPreble
90%
INRipley
90%
INUnion
90%
SCSpartanburg
90%
SCUnion
90%
SCYork
90%
OHMontgomery
90%
OHMonroe
90%
ARDallas
90%
KSJefferson
90%
NCUnion
90%
OHChampaign
90%
NEClay
90%
GATwiggs
90%
OHButler
90%
GASeminole
90%
ARHot Spring
90%
ARUnion
89%
TXMontgomery
89%
MSGeorge
89%
SCLaurens
89%
INRandolph
89%
ILPerry
89%
MSForrest
89%
NEHall
89%
ILFranklin
89%
GAColumbia
89%
NCStanly
89%
TXMadison
89%
KSDouglas
89%
MSCovington
89%
KYOwen
89%
MOBarry
89%
VARappahannock
89%
ILHamilton
89%
TXWashington
89%
INOwen
89%
ILMonroe
89%
ILMontgomery
89%
MOFranklin
89%
CAOrange
89%
INWabash
89%
KSShawnee
89%
ALMonroe
89%
SCNewberry
89%
ILWilliamson
89%
TXWaller
89%
PABeaver
89%
PAFayette
89%
ALMobile
89%
VAFredericksburg
89%
KYMarion
89%
MOClay
89%
NCCatawba
89%
MSHancock
89%
KSWyandotte
89%
SCChester
89%
NCEdgecombe
89%
TXBrazos
89%
TXAustin
89%
IAMonona
89%
NEMerrick
89%
NCMadison
89%
TXColorado
89%
NCMcDowell
89%
INSwitzerland
89%
ARSaline
89%
MSPerry
89%
TNWashington
89%
TNUnicoi
89%
NCHaywood
89%
LASt. John the Baptist
89%
IAWoodbury
89%
NCPitt
89%
KYTaylor
89%
IAMuscatine
89%
IAGreene
89%
TXGrimes
89%
PAWestmoreland
89%
KYShelby
89%
MSStone
89%
TXFort Bend
89%
LASt. Tammany
89%
LAWashington
89%
NCMitchell
89%
MSJones
89%
MSLamar
89%
ALCoffee
89%
TNSullivan
89%
LATangipahoa
89%
KSFranklin
89%
IALee
89%
NCYancey
89%
KYHarlan
89%
CALos Angeles
89%
KSMiami
89%
KYGreen
89%
WVHancock
89%
KYHardin
89%
OHBelmont
89%
IACrawford
89%
ILJefferson
89%
INMadison
89%
WIColumbia
89%
WVMarshall
89%
KYHart
89%
TNCarter
89%
NYAlbany
89%
ARGrant
89%
WVBrooke
89%
OHHarrison
89%
IALouisa
89%
PAAllegheny
89%
INDelaware
89%
VAPage
89%
NCRowan
89%
NESeward
89%
NEAdams
89%
VAScott
89%
PAGreene
89%
VAShenandoah
89%
KSOsage
89%
KYFranklin
89%
VAStafford
89%
MOSt. Francois
89%
MOSte. Genevieve
89%
ARJefferson
89%
TNHawkins
89%
WVMonongalia
89%
GAGlascock
89%
NYRensselaer
89%
MOJackson
89%
MOJefferson
89%
PAWashington
89%
INMiami
89%
INHoward
89%
KYCarroll
89%
WVWetzel
89%
IADallas
89%
OHJefferson
89%
TNGreene
89%
ILHenderson
89%
NYMontgomery
89%
KSJohnson
89%
VABristol
89%
KYLaRue
89%
IAAdair
89%
WVOhio
89%
KYHenry
89%
OHHocking
89%
GABurke
88%
ILClay
88%
IAJohnson
88%
OHNoble
88%
ILRandolph
88%
OHCarroll
88%
IAMadison
88%
ILJackson
88%
NCMartin
88%
PALebanon
88%
OHMorgan
88%
GAMontgomery
88%
TNJohnson
88%
IAWashington
88%
IAWapello
88%
KSPottawatomie
88%
GAJenkins
88%
ILMarion
88%
GACandler
88%
OHVinton
88%
OHGallia
88%
TNHamblen
88%
KSMarshall
88%
IAJefferson
88%
IALinn
88%
OHWashington
88%
NCJohnston
88%
NCWatauga
88%
OHPerry
88%
IAScott
88%
TNHancock
88%
KSNemaha
88%
IAKeokuk
88%
OHGuernsey
88%
TNGrainger
88%
OHHardin
88%
OHAthens
88%
GARichmond
88%
IAVan Buren
88%
NCIredell
88%
ARPulaski
88%
INJay
88%
VAWinchester
88%
ARHempstead
88%
INHuntington
88%
NEDakota
88%
IACalhoun
88%
ARLincoln
88%
ARLogan
88%
LAEast Feliciana
88%
NEHoward
88%
VANorton
88%
IACedar
88%
INGrant
88%
MOWashington
88%
NEPawnee
88%
VAWythe
88%
VAWise
88%
VASurry
88%
VASpotsylvania
88%
VAPrince George
88%
NEThurston
88%
NEYork
88%
VALee
88%
NHMerrimack
88%
VAKing George
88%
COAdams
88%
MOWebster
88%
WVBerkeley
88%
VAFrederick
88%
INWhite
88%
MSPearl River
88%
MSMarion
88%
MSLawrence
88%
WIRacine
88%
WIPepin
88%
MSWayne
88%
MSClarke
88%
MNWabasha
88%
WIJefferson
88%
WIJackson
88%
MOGasconade
88%
ALWashington
88%
WVWood
88%
WVCalhoun
88%
WVWirt
88%
WVTaylor
88%
WVRoane
88%
WVRitchie
88%
MOMadison
88%
MOPerry
88%
WVMason
88%
WVMarion
88%
WVLewis
88%
WVJackson
88%
WVHarrison
88%
WVGilmer
88%
NJMercer
88%
ARPike
88%
CTWindham
88%
PABerks
88%
LASt. Helena
88%
IAHenry
88%
IAHarrison
88%
TXBurleson
88%
LAOrleans
88%
TXFayette
88%
FLLiberty
88%
LAMorehouse
88%
NYSchenectady
88%
ILUnion
88%
LALivingston
88%
IADes Moines
88%
TXWise
88%
NCCaldwell
88%
NYSaratoga
88%
IADavis
88%
TXLee
88%
INCarroll
88%
INBlackford
88%
ILRock Island
88%
NCBertie
88%
VABland
88%
NYFulton
88%
INCass
88%
OHMeigs
87%
OHMercer
87%
KYPike
87%
NCCraven
87%
MOLincoln
87%
OHColumbiana
87%
ARCarroll
87%
ARBradley
87%
WVMorgan
87%
IABoone
87%
MOMcDonald
87%
WVPreston
87%
FLGulf
87%
MEAndroscoggin
87%
PAButler
87%
KSLinn
87%
WVMcDowell
87%
MDAllegany
87%
MOPike
87%
PASchuylkill
87%
WVHampshire
87%
VADickenson
87%
WIGreen Lake
87%
IAIowa
87%
MSWalthall
87%
NCHertford
87%
INShelby
87%
WIWaukesha
87%
IAWebster
87%
MSPike
87%
ALChoctaw
87%
MSLincoln
87%
ILFayette
87%
MSJefferson Davis
87%
TNWeakley
87%
ILCalhoun
87%
MSHolmes
87%
OHVan Wert
87%
WIMonroe
87%
MOIron
87%
FLVolusia
87%
IAUnion
87%
ILGreene
87%
TNWilliamson
87%
MSCarroll
87%
MSAmite
87%
MOBates
87%
IAStory
87%
MOCass
87%
ARColumbia
87%
OHMuskingum
87%
NCFranklin
87%
KSGeary
87%
INWells
87%
ARClark
87%
ARCrawford
87%
ILJersey
87%
IAClarke
87%
TXTarrant
87%
ILWayne
87%
GAEmanuel
87%
NEJohnson
87%
FLGadsden
87%
VAIsle of Wight
87%
VAJames City
87%
VANewport News
87%
ARSebastian
87%
VAHopewell
87%
VABuchanan
87%
INDearborn
87%
CTTolland
87%
ORYamhill
87%
VAPoquoson
87%
VAGalax
87%
NEOtoe
87%
IAMahaska
87%
VAColonial Heights
87%
NHCarroll
87%
VAYork
87%
NHBelknap
87%
INAdams
87%
VATazewell
87%
VASussex
87%
VASouthampton
87%
VARussell
87%
ILMercer
87%
VAPetersburg
87%
AROuachita
87%
VAOrange
87%
NCBeaufort
87%
VAGloucester
87%
VADinwiddie
87%
INJasper
87%
NCNorthampton
87%
ARFranklin
87%
VAWilliamsburg
87%
ARGarland
87%
KSRepublic
87%
PAFulton
87%
IAPoweshiek
87%
GATreutlen
87%
PADauphin
87%
IAPolk
87%
ARJohnson
87%
ARNewton
87%
VAGrayson
87%
OHAllen
87%
PABedford
87%
MDKent
87%
FLBay
87%
NCWilkes
87%
VACharles City
87%
ARMadison
87%
IACarroll
87%
IAO'Brien
87%
NCWake
87%
NEHamilton
87%
IACass
87%
VANew Kent
87%
IAJasper
86%
IAMills
86%
INRush
86%
ILMacoupin
86%
RIBristol
86%
INPulaski
86%
PALawrence
86%
INOhio
86%
IAMarion
86%
ILScott
86%
IAAdams
86%
OKNowata
86%
IABenton
86%
ILPike
86%
PAArmstrong
86%
FLWalton
86%
RIKent
86%
VACaroline
86%
NEPlatte
86%
VAWashington
86%
VASmyth
86%
VARockingham
86%
NESarpy
86%
NEStanton
86%
VALouisa
86%
VAHanover
86%
VAGoochland
86%
NJMiddlesex
86%
VAFluvanna
86%
VAChesterfield
86%
VABuckingham
86%
VAHarrisonburg
86%
COKit Carson
86%
MANorfolk
86%
VTBennington
86%
MABristol
86%
CTMiddlesex
86%
RINewport
86%
CTNew London
86%
NYWashington
86%
NCAlleghany
86%
NCAshe
86%
MDCharles
86%
NCChatham
86%
VAHampton
86%
ARWashington
86%
TXDenton
86%
MOLawrence
86%
ALBibb
86%
WIWinnebago
86%
WIVernon
86%
WIMilwaukee
86%
MSYazoo
86%
MOChristian
86%
MODade
86%
WIFond du Lac
86%
WIDodge
86%
MOHenry
86%
MOHickory
86%
MOJohnson
86%
MOMaries
86%
NENance
86%
ALBaldwin
86%
MOReynolds
86%
MOSt. Clair
86%
ARBenton
86%
MOShannon
86%
NEBurt
86%
ARDesha
86%
NECass
86%
NECuming
86%
NEDodge
86%
VAPortsmouth
86%
ARNevada
86%
VANorfolk
86%
NCChowan
86%
INTippecanoe
86%
OHAuglaize
86%
KYClinton
86%
KYLetcher
86%
GAFranklin
86%
KSRiley
86%
GAHart
86%
KYGraves
86%
KYCumberland
86%
GAMcDuffie
86%
GAElbert
86%
IDGem
86%
KSJewell
86%
IDCanyon
86%
GAMonroe
86%
GAOconee
86%
GAOglethorpe
86%
TNCoffee
86%
NCPamlico
86%
IDPayette
86%
GABaker
86%
KYMontgomery
86%
ILAlexander
86%
GADecatur
86%
KSClay
86%
RIProvidence
86%
GAButts
86%
NCHarnett
86%
GAClarke
86%
MOPolk
85%
MNGoodhue
85%
IAWarren
85%
MODallas
85%
MNCarver
85%
OKWashington
85%
KSLabette
85%
OKTulsa
85%
KSMontgomery
85%
MOScott
85%
KSOttawa
85%
OHHighland
85%
KSBourbon
85%
OKAdair
85%
MSHumphreys
85%
MOLaclede
85%
OKCraig
85%
INWhitley
85%
MOCrawford
85%
MNLe Sueur
85%
OHPickaway
85%
ORColumbia
85%
ORClackamas
85%
OKCreek
85%
MOGreene
85%
KSCloud
85%
INWarrick
85%
NCDurham
85%
KYBarren
85%
IAPottawattamie
85%
KYPowell
85%
NCPerquimans
85%
MAPlymouth
85%
NCPasquotank
85%
NYUlster
85%
OKPawnee
85%
KYPendleton
85%
KYWayne
85%
NYGreene
85%
MDCecil
85%
MESagadahoc
85%
NCCamden
85%
MECumberland
85%
IAHamilton
85%
LAWest Carroll
85%
NCGranville
85%
NYHamilton
85%
KYLee
85%
IAPlymouth
85%
NCCurrituck
85%
NCWashington
85%
NEDouglas
85%
NEGage
85%
NCVance
85%
KSWashington
85%
KSWilson
85%
KYBath
85%
KYHancock
85%
OKRogers
85%
IAClayton
85%
KYCampbell
85%
KYCarter
85%
IALucas
85%
NEPolk
85%
KYEstill
85%
OKOttawa
85%
KYOwsley
85%
ORMultnomah
85%
WIDunn
85%
TNWarren
85%
GAPulaski
85%
TXLiberty
85%
TNGrundy
85%
TXRobertson
85%
DCDistrict of Columbia
85%
GAWalton
85%
VAArlington
85%
ILMorgan
85%
PAHuntingdon
85%
PAJuniata
85%
WIGreen
85%
VACumberland
85%
WIPierce
85%
PAMonroe
85%
WIClark
85%
TNBenton
85%
VAGreene
85%
VAMadison
85%
VANelson
85%
VAAlexandria
85%
SCMcCormick
85%
PASnyder
85%
RIWashington
85%
WAClark
85%
WACowlitz
85%
ARAshley
85%
INAllen
85%
WAWahkiakum
85%
ALDallas
85%
WIWashington
85%
WISt. Croix
85%
ORTillamook
85%
INMorgan
85%
ORWashington
85%
TNMarion
85%
TNLewis
85%
WITrempealeau
85%
INMarshall
85%
WIRichland
85%
INMarion
85%
INSpencer
85%
INStarke
85%
KYRobertson
84%
TNClay
84%
MNAnoka
84%
GAGwinnett
84%
ARChicot
84%
KYJackson
84%
TNCarroll
84%
KYKenton
84%
TNCannon
84%
TNRutherford
84%
COClear Creek
84%
TNBedford
84%
MOVernon
84%
NJMonmouth
84%
VAWaynesboro
84%
VAStaunton
84%
NEWashington
84%
VAMiddlesex
84%
MOWright
84%
TNPerry
84%
VAPowhatan
84%
KSChautauqua
84%
KSElk
84%
TNMoore
84%
VACharlottesville
84%
TNMaury
84%
ARGreene
84%
OHPike
84%
OHRoss
84%
ARPrairie
84%
KYLaurel
84%
TNDecatur
84%
VAAugusta
84%
GAMiller
84%
TXChambers
84%
FLPolk
84%
TXBastrop
84%
FLSumter
84%
KYGreenup
84%
GABanks
84%
ORMarion
84%
GABarrow
84%
KYAllen
84%
KYGrant
84%
GAMarion
84%
KYClay
84%
LAEast Carroll
84%
NCLee
84%
NCMacon
84%
GACalhoun
84%
GAPike
84%
LASt. James
84%
GAJackson
84%
OHClermont
84%
GAClay
84%
VAAlbemarle
84%
VTGrand Isle
84%
VTFranklin
84%
MADukes
84%
COWashington
84%
COYuma
84%
TNFranklin
84%
NCSwain
84%
NYWarren
84%
TNSevier
84%
KYWarren
84%
KSAnderson
84%
KYHarrison
84%
FLLake
84%
GARockdale
84%
TXMilam
84%
VAMathews
84%
PAChester
84%
WILa Crosse
84%
INKnox
84%
ILJohnson
84%
OKSequoyah
84%
MSIssaquena
84%
ALJackson
84%
MSBolivar
84%
OKOsage
84%
MODouglas
84%
MOMontgomery
84%
MODent
84%
MNPipestone
84%
OKMayes
84%
ALMarshall
84%
ILSaline
84%
MOCedar
84%
MNRock
84%
ALMadison
84%
INKosciusko
84%
INFulton
84%
OKWagoner
84%
WISheboygan
84%
OKCherokee
84%
ORClatsop
84%
WVKanawha
84%
ORPolk
84%
MNChisago
84%
ALChilton
84%
MOPhelps
84%
INNoble
84%
MSSunflower
83%
KYMonroe
83%
MOButler
83%
GACrawford
83%
NCOrange
83%
FLOsceola
83%
KYLewis
83%
FLOrange
83%
MSSharkey
83%
GASchley
83%
TXHardin
83%
NCWarren
83%
MOBuchanan
83%
GATalbot
83%
WIJuneau
83%
TNPickett
83%
INSt. Joseph
83%
KYMenifee
83%
GAGrady
83%
GATaylor
83%
GATelfair
83%
TXParker
83%
MNWashington
83%
KYBallard
83%
MNWinona
83%
IAClay
83%
INHendricks
83%
KYGallatin
83%
INGibson
83%
TNLauderdale
83%
WIPolk
83%
GALamar
83%
LACaldwell
83%
MNScott
83%
TNVan Buren
83%
INFranklin
83%
GAHenry
83%
TNLincoln
83%
KYCaldwell
83%
MSLeflore
83%
GANewton
83%
FLSeminole
83%
KYBracken
83%
TNHenderson
83%
KYBoone
83%
KYBell
83%
TNMacon
83%
KSAllen
83%
GAEarly
83%
SDTurner
83%
MNHennepin
83%
IAMarshall
83%
SCLancaster
83%
VAMartinsville
83%
WICalumet
83%
CODouglas
83%
TNBledsoe
83%
WIBuffalo
83%
PAPike
83%
MNDakota
83%
OKDelaware
83%
IDAdams
83%
COArapahoe
83%
ILJo Daviess
83%
VAHenrico
83%
VAPittsylvania
83%
VAHenry
83%
MNHouston
83%
VAKing and Queen
83%
VAKing William
83%
MNIsanti
83%
VALancaster
83%
WVLincoln
83%
COElbert
83%
NYDutchess
83%
SCAbbeville
83%
MOStoddard
83%
WVBoone
83%
SCAnderson
83%
GAUpson
83%
MNRice
83%
ALMarengo
83%
NYSullivan
83%
MOClinton
83%
MNRamsey
83%
WVHardy
83%
SDLincoln
83%
ILMcHenry
83%
NYEssex
83%
COLogan
83%
VTWindham
83%
KYSimpson
82%
WIWood
82%
KYWhitley
82%
ARLonoke
82%
MORalls
82%
WVPutnam
82%
VANorthumberland
82%
VARichmond
82%
WVClay
82%
TNSequatchie
82%
GADooly
82%
GADade
82%
TNTipton
82%
GADawson
82%
ARCross
82%
VAVirginia Beach
82%
VADanville
82%
WISauk
82%
MNCottonwood
82%
KYMorgan
82%
WIRock
82%
TXSan Jacinto
82%
KYMarshall
82%
COMorgan
82%
ALLimestone
82%
MNWright
82%
COJefferson
82%
TXCooke
82%
FLLeon
82%
TXGrayson
82%
ALMorgan
82%
LARichland
82%
MOCamden
82%
TXHill
82%
ARArkansas
82%
MOCape Girardeau
82%
TXOrange
82%
CTLitchfield
82%
TXVan Zandt
82%
MNMurray
82%
MOHolt
82%
MSHarrison
82%
TXRains
82%
WVWayne
82%
ALDeKalb
82%
LACalcasieu
82%
LACameron
82%
LAClaiborne
82%
NCJackson
82%
WIOzaukee
82%
MNLyon
82%
LAFranklin
82%
NCHenderson
82%
MSCopiah
82%
ALHenry
82%
WIAdams
82%
NCGraham
82%
LAOuachita
82%
TXJefferson
82%
KYWolfe
82%
GAMcIntosh
82%
KSAtchison
82%
SDDeuel
82%
GAHabersham
82%
TNDeKalb
82%
TNDavidson
82%
IAOsceola
82%
TNCumberland
82%
GAHall
82%
IASioux
82%
TNCrockett
82%
PAWayne
82%
SCFairfield
82%
ILCarroll
82%
KYBoyd
82%
OHLawrence
82%
SDMinnehaha
82%
IDWashington
82%
TNLake
82%
KYElliott
82%
SDHutchinson
82%
GALowndes
82%
OHPortage
82%
KSDoniphan
82%
GALumpkin
82%
SDBrookings
82%
KYBreathitt
82%
IALyon
82%
GAWhite
82%
OHBrown
82%
NCTyrrell
82%
ORBaker
82%
TNHamilton
82%
GAStephens
82%
INHenry
82%
INHancock
82%
GAForsyth
82%
ILPope
82%
TNGibson
82%
ILWabash
82%
GATurner
82%
IAJackson
82%
IAIda
82%
GAWebster
82%
KYKnox
82%
ILStephenson
82%
COBoulder
81%
TNFentress
81%
NCClay
81%
SDHanson
81%
TNBlount
81%
GAWilcox
81%
COBroomfield
81%
SDKingsbury
81%
GATowns
81%
VAMecklenburg
81%
FLHamilton
81%
TXTrinity
81%
GAUnion
81%
TXMontague
81%
TXNavarro
81%
OHAdams
81%
TNOverton
81%
ILBoone
81%
SDHamlin
81%
INBenton
81%
MNSherburne
81%
PABucks
81%
MOBenton
81%
WILafayette
81%
ILWinnebago
81%
MSWashington
81%
INClay
81%
MOClark
81%
MSHinds
81%
WIPortage
81%
OKSeminole
81%
INNewton
81%
MSRankin
81%
INPutnam
81%
ILSchuyler
81%
WIIowa
81%
SCOconee
81%
SCAiken
81%
ARMonroe
81%
KSCoffey
81%
NEDixon
81%
LAWebster
81%
KSBrown
81%
WVCabell
81%
ILGrundy
81%
ILMassac
81%
ILHancock
81%
ILKankakee
81%
WIBarron
81%
MNLincoln
81%
WIDane
81%
MNNobles
81%
TXFreestone
81%
SDMcCook
81%
TNSmith
81%
GARabun
81%
LAJefferson
81%
TNHenry
81%
TNTrousdale
81%
GABen Hill
81%
LALafourche
81%
TNJackson
81%
GADeKalb
81%
NCPerson
81%
TNWilson
81%
TXClay
81%
GAQuitman
81%
TNHaywood
81%
KYRowan
81%
LASt. Charles
81%
KYNicholas
81%
GAPeach
81%
LACatahoula
81%
GACrisp
81%
KYFleming
81%
KYMcCreary
81%
LAUnion
81%
TNWhite
81%
TNPutnam
81%
GACherokee
81%
KYEdmonson
81%
NCMoore
81%
KYLyon
80%
KYLogan
80%
SDLake
80%
LALincoln
80%
COGilpin
80%
KSJackson
80%
ILGallatin
80%
VAHalifax
80%
CODenver
80%
GAFloyd
80%
NCGreene
80%
SDMoody
80%
OHJackson
80%
SDUnion
80%
LABienville
80%
LAJackson
80%
MIMonroe
80%
MSWilkinson
80%
ILAdams
80%
OHTuscarawas
80%
MOStone
80%
NECedar
80%
ILWhite
80%
TXDallas
80%
ARLawrence
80%
MOScotland
80%
OHScioto
80%
ALEtowah
80%
OHWilliams
80%
SCEdgefield
80%
ARYell
80%
MILenawee
80%
NCHyde
80%
SCPickens
80%
MSWarren
80%
TNMadison
80%
MSAdams
80%
NCNash
80%
MSJackson
80%
KYGrayson
80%
TXEllis
80%
KYMagoffin
80%
NCAlexander
80%
PANorthampton
80%
OKGarvin
80%
INParke
80%
NCDare
80%
NCWilson
80%
NCWayne
80%
KYJohnson
80%
MNRedwood
80%
INPike
80%
ILPulaski
80%
LASt. Bernard
80%
WIGrant
80%
GAClayton
80%
KYMason
80%
GARandolph
80%
MEHancock
80%
KYHickman
80%
LATensas
80%
KSWabaunsee
80%
LATerrebonne
80%
LAWinn
80%
FLOkaloosa
80%
NCRandolph
80%
NCAnson
80%
OHFairfield
80%
TNRobertson
80%
TNSumner
80%
UTIron
80%
COSummit
80%
GACook
80%
IASac
80%
GAColquitt
80%
WVWyoming
80%
OHFranklin
80%
IABuena Vista
80%
GAPickens
80%
IAPocahontas
80%
WVMingo
79%
WVLogan
79%
MIWashtenaw
79%
MODunklin
79%
ILEdwards
79%
OKMurray
79%
MONew Madrid
79%
SCGreenville
79%
IAJones
79%
ARClay
79%
MOMorgan
79%
ILRichland
79%
MOCarter
79%
IADubuque
79%
ILKane
79%
MOBollinger
79%
WICrawford
79%
GABrooks
79%
ALWilcox
79%
NCRockingham
79%
GACatoosa
79%
ILIroquois
79%
GABulloch
79%
IAHumboldt
79%
OKOkfuskee
79%
ILCass
79%
VAPulaski
79%
ILBrown
79%
GAWalker
79%
MSClaiborne
79%
IAAllamakee
79%
MSSmith
79%
COPark
79%
OHCoshocton
79%
UTWashington
79%
GAWhitfield
79%
TXWichita
79%
FLPutnam
79%
MSSimpson
79%
TXWharton
79%
NCAlamance
79%
MSJefferson
79%
TNMorgan
79%
SCSaluda
79%
GAThomas
79%
TNObion
79%
TXLavaca
79%
MEWashington
79%
TXJohnson
79%
MEPenobscot
79%
NCCaswell
79%
GASumter
79%
NCCherokee
79%
FLMadison
79%
KYButler
79%
TNDickson
79%
TNHickman
79%
MIJackson
79%
ARHoward
79%
ILWill
79%
ARJackson
79%
TNUnion
79%
GAFulton
79%
SCKershaw
79%
ARPoinsett
79%
ARRandolph
79%
ARSt. Francis
79%
ARSharp
79%
MSFranklin
79%
ALFayette
79%
KYCarlisle
79%
NCGuilford
79%
COGrand
79%
TXArcher
79%
TNClaiborne
79%
VAGiles
79%
MODeKalb
79%
MSLeake
78%
KYKnott
78%
MSNeshoba
78%
OKPottawatomie
78%
IAClinton
78%
INLake
78%
INPorter
78%
ALCherokee
78%
INPosey
78%
ALLawrence
78%
TNMarshall
78%
ALLowndes
78%
OKLincoln
78%
MOCallaway
78%
OKLogan
78%
FLMarion
78%
OHMarion
78%
MTSanders
78%
LARed River
78%
TNDyer
78%
LAAscension
78%
COLincoln
78%
MOSchuyler
78%
OHFulton
78%
NYDelaware
78%
NYColumbia
78%
WAIsland
78%
OKKingfisher
78%
TNGiles
78%
ARIndependence
78%
ARIzard
78%
SDYankton
78%
VARadford
78%
GALee
78%
NCSampson
78%
SDClay
78%
TNHumphreys
78%
GAMitchell
78%
KYMartin
78%
KYFloyd
78%
TNLawrence
78%
IARinggold
78%
TXHouston
78%
IAPalo Alto
78%
KSSmith
78%
FLBroward
78%
OKHughes
78%
TXKaufman
78%
GAChattooga
78%
IAMonroe
78%
FLFlagler
78%
MOMarion
78%
MOMississippi
78%
PALehigh
78%
TXLeon
78%
ILMcDonough
78%
MOKnox
78%
OHMahoning
77%
TXHood
77%
TNCheatham
77%
TXHunt
77%
NCTransylvania
77%
VACarroll
77%
NYOtsego
77%
MSScott
77%
NCDuplin
77%
PAForest
77%
WAAdams
77%
NCHalifax
77%
PABlair
77%
PAMontgomery
77%
MOLafayette
77%
MOLewis
77%
WVRaleigh
77%
WVPendleton
77%
OKMcClain
77%
MOCarroll
77%
MOPemiscot
77%
WVMineral
77%
MOCaldwell
77%
OKNoble
77%
OKPayne
77%
WVFayette
77%
OKComanche
77%
OKCleveland
77%
OKOklahoma
77%
WAKitsap
77%
MOAudrain
77%
NCLenoir
77%
MOAndrew
77%
WIMarquette
77%
SCGreenwood
77%
VANorthampton
77%
MSNewton
77%
MORay
77%
FLJefferson
77%
COTeller
77%
INMontgomery
77%
KYUnion
77%
INLaPorte
77%
FLLafayette
77%
MICalhoun
77%
KYTodd
77%
INFountain
77%
KYPerry
77%
GACobb
77%
IADecatur
77%
CASonoma
77%
KYLawrence
77%
FLSuwannee
77%
ILKendall
77%
MIClinton
77%
ILHenry
77%
MILivingston
77%
ALTuscaloosa
77%
IADelaware
77%
MIHillsdale
77%
ILEffingham
77%
INSteuben
77%
INVigo
77%
ARPope
77%
ALButler
77%
MIWayne
77%
ARWoodruff
77%
ARCraighead
77%
MDPrince George's
77%
ARPhillips
77%
ARStone
77%
LALaSalle
77%
ARPerry
77%
ALBarbour
77%
LAMadison
77%
ARMontgomery
76%
NEGosper
76%
NEKearney
76%
ARCleburne
76%
MOJasper
76%
ARMississippi
76%
MIShiawassee
76%
WVMercer
76%
ARLee
76%
MOTaney
76%
NERichardson
76%
NEWebster
76%
WVMonroe
76%
NECuster
76%
MNJackson
76%
MONodaway
76%
COCrowley
76%
ARWhite
76%
MOPettis
76%
COEl Paso
76%
KSGray
76%
KSMcPherson
76%
INElkhart
76%
WVBraxton
76%
ILWhiteside
76%
MOSaline
76%
IAAppanoose
76%
MIOakland
76%
KSOsborne
76%
PAClarion
76%
KSRice
76%
IATaylor
76%
TXHardeman
76%
IAKossuth
76%
KYLeslie
76%
GAClinch
76%
ALCullman
76%
MSAlcorn
76%
GAEvans
76%
MOAtchison
76%
TNMeigs
76%
OKLove
76%
GAGilmer
76%
SDSanborn
76%
KYChristian
76%
TNHouston
76%
OKCarter
76%
MSLauderdale
76%
TNHardin
76%
GAScreven
76%
MSMadison
76%
NCDavidson
76%
TNCampbell
76%
MDCalvert
76%
ALGreene
76%
MOWorth
76%
ALLauderdale
76%
FLTaylor
76%
OHStark
76%
KYCalloway
76%
SDBon Homme
76%
TXCottle
76%
FLMiami-Dade
76%
TXFoard
76%
KSSeward
75%
GAMurray
75%
VAEmporia
75%
KSMeade
75%
NYOneida
75%
MIIngham
75%
SDGrant
75%
ARScott
75%
NCDavie
75%
GAPierce
75%
LABossier
75%
MABerkshire
75%
FLNassau
75%
TXMorris
75%
GATattnall
75%
PAClearfield
75%
MIBarry
75%
GALanier
75%
SCBarnwell
75%
GABerrien
75%
FLWakulla
75%
TXTyler
75%
FLUnion
75%
UTRich
75%
NEBuffalo
75%
VAAmherst
75%
TNRhea
75%
TXTitus
75%
NEFranklin
75%
SDHaakon
75%
PAElk
75%
VACraig
75%
TNMonroe
75%
PAIndiana
75%
FLBradford
75%
TNMcNairy
75%
VAGreensville
75%
TNLoudon
75%
GAEchols
75%
IDBoise
75%
MSPrentiss
75%
KSFinney
75%
WIChippewa
75%
WITaylor
75%
WIEau Claire
75%
OKMarshall
75%
OKOkmulgee
75%
MNOlmsted
75%
ALPerry
75%
WAGrant
75%
IADickinson
75%
WVNicholas
75%
ALMontgomery
75%
OHSummit
75%
IAFayette
75%
ARCrittenden
75%
WIMarathon
75%
MONewton
75%
IAChickasaw
75%
ALElmore
75%
KSBarton
75%
ALHale
75%
FLColumbia
74%
LABeauregard
74%
NEPhelps
74%
PAVenango
74%
TXPolk
74%
ILLawrence
74%
LAIberville
74%
PAJefferson
74%
TNAnderson
74%
MSTishomingo
74%
NEHarlan
74%
OHMorrow
74%
WIWaushara
74%
PADelaware
74%
IDClark
74%
ILSangamon
74%
KSEllsworth
74%
ALBlount
74%
TNKnox
74%
KYLivingston
74%
ILFulton
74%
TXCollin
74%
IDJefferson
74%
GAAppling
74%
IAEmmet
74%
NJSalem
74%
TNPolk
74%
MIEaton
74%
SDCodington
74%
IDFranklin
74%
TXCherokee
74%
NJCamden
74%
NJBurlington
74%
OHSeneca
74%
LAAssumption
74%
MSAttala
74%
ILChristian
74%
MIBranch
74%
GAFayette
74%
TXJack
74%
WYLincoln
74%
MOHarrison
74%
TXJasper
74%
MIIonia
74%
NEThomas
74%
ILDuPage
74%
MSWebster
74%
OKJefferson
74%
INWarren
74%
OHLicking
74%
OHDelaware
74%
IDAda
74%
LAWest Baton Rouge
74%
VABedford
74%
KSMitchell
74%
MDAnne Arundel
74%
VARoanoke
74%
ARBoone
74%
VAFranklin
74%
IDBear Lake
74%
WALincoln
74%
INSullivan
74%
MNBlue Earth
74%
IACherokee
74%
MDTalbot
74%
VARoanoke
74%
OKStephens
74%
VASalem
74%
CASutter
74%
IAWayne
74%
KSLincoln
74%
GAWayne
74%
MNFaribault
74%
KSRussell
74%
KYTrigg
73%
ILCook
73%
VAAlleghany
73%
MIBerrien
73%
TNMcMinn
73%
VAWestmoreland
73%
TNFayette
73%
OHCrawford
73%
VAMontgomery
73%
MIIsabella
73%
WIShawano
73%
ILHardin
73%
MSOktibbeha
73%
IDMadison
73%
GAFannin
73%
OHHenry
73%
KYFulton
73%
IDFremont
73%
INVermillion
73%
WIMenominee
73%
TXAnderson
73%
TXAngelina
73%
ARMiller
73%
WILincoln
73%
KSClark
73%
SDDavison
73%
NCYadkin
73%
KYOhio
73%
NJGloucester
73%
KSHaskell
73%
ARSearcy
73%
ARSevier
73%
KSStevens
73%
MNMartin
73%
ALCoosa
73%
MOBarton
73%
MOPulaski
73%
GAJeff Davis
73%
CTHartford
73%
NEGreeley
73%
ILLake
73%
WVTucker
73%
LAConcordia
73%
TNStewart
73%
GAMeriwether
73%
WAMason
73%
MSTippah
73%
VABrunswick
73%
ALWinston
73%
NYOswego
73%
VABotetourt
73%
DENew Castle
73%
KSSaline
73%
KSFord
73%
GASpalding
73%
ILVermilion
73%
PACambria
73%
PAPhiladelphia
73%
OHMedina
73%
NYLewis
73%
COCheyenne
73%
FLClay
73%
MDQueen Anne's
73%
VAFloyd
73%
MSNoxubee
73%
ALWalker
73%
GAWare
72%
NCCumberland
72%
WAJefferson
72%
MEKennebec
72%
WIKenosha
72%
NJOcean
72%
NEDawson
72%
IDCamas
72%
GACoweta
72%
KSGrant
72%
TXNewton
72%
NYSchoharie
72%
MSLowndes
72%
TNChester
72%
TNRoane
72%
NEChase
72%
PAWarren
72%
GABrantley
72%
MNWatonwan
72%
ARLafayette
72%
WAClallam
72%
MSJasper
72%
TXPalo Pinto
72%
MNFillmore
72%
ALPike
72%
IDElmore
72%
OHWood
72%
IAWright
72%
OHPutnam
72%
CAContra Costa
72%
VACovington
72%
NEWayne
72%
TXRockwall
72%
MSBenton
72%
TNMontgomery
72%
MNBrown
72%
CANapa
72%
TXNacogdoches
72%
ILOgle
72%
COKiowa
72%
WASan Juan
72%
FLAlachua
72%
OKBeaver
72%
TXSmith
72%
MDGarrett
72%
KSDickinson
72%
TNHardeman
71%
MDDorchester
71%
IDBonneville
71%
GALong
71%
MSKemper
71%
LAEast Baton Rouge
71%
GAGlynn
71%
LAWest Feliciana
71%
GAHeard
71%
IDBingham
71%
MISt. Joseph
71%
IAFremont
71%
TXVictoria
71%
FLDuval
71%
NESherman
71%
MIKalamazoo
71%
TXMarion
71%
ILJasper
71%
PAMcKean
71%
WVSummers
71%
WVBarbour
71%
TXWood
71%
SCAllendale
71%
PACarbon
71%
MOMonroe
71%
PACameron
71%
VAAccomack
71%
MOOregon
71%
OHLucas
71%
MTGallatin
71%
MOShelby
71%
ORBenton
71%
ILDeKalb
71%
MNLac qui Parle
71%
ILCrawford
71%
KYCrittenden
71%
IATama
71%
KSComanche
71%
TXGregg
71%
KYDaviess
71%
GACamden
71%
COWeld
70%
IAWinneshiek
70%
TXWilbarger
70%
NEBoone
70%
NHRockingham
70%
NJCumberland
70%
IAMontgomery
70%
NYSt. Lawrence
70%
TXCamp
70%
IDButte
70%
NCSurry
70%
GAToombs
70%
MTSilver Bow
70%
TNBradley
70%
TNWayne
70%
MIOttawa
70%
MOGentry
70%
CAYolo
70%
MNChippewa
70%
OHDefiance
70%
MTMadison
70%
OHLorain
70%
MTJefferson
70%
INVanderburgh
70%
OKTillman
70%
ARPolk
70%
ARMarion
70%
IDCaribou
70%
TXHarris
70%
MIMontcalm
70%
IDTeton
70%
TXHaskell
70%
MSChoctaw
70%
TXJackson
70%
GAHarris
70%
NEWheeler
70%
ILEdgar
70%
MSCalhoun
70%
NEPierce
70%
NELincoln
70%
NEKnox
70%
MNLake
70%
NEMcPherson
70%
MNYellow Medicine
70%
KSEllis
70%
PALackawanna
70%
WIOneida
70%
TXUpshur
70%
TXStephens
70%
OHPaulding
70%
TXThrockmorton
70%
MAWorcester
70%
ALAutauga
69%
OHHancock
69%
OHRichland
69%
OHTrumbull
69%
SDMiner
69%
IAPage
69%
ILMenard
69%
OHSandusky
69%
OKCotton
69%
SCChesterfield
69%
NCJones
69%
LAPlaquemines
69%
ILClark
69%
MAEssex
69%
MIMecosta
69%
CAVentura
69%
GADougherty
69%
GACoffee
69%
ALSt. Clair
69%
WAFranklin
69%
WIForest
69%
ARConway
69%
ALPickens
69%
ARVan Buren
69%
ALFranklin
69%
GAGordon
69%
WIPrice
69%
VAHighland
69%
GABartow
69%
TXBowie
69%
MDSt. Mary's
69%
NELogan
69%
NEKeith
69%
TXDeWitt
69%
NEHolt
69%
TXYoung
69%
WIVilas
69%
COLarimer
69%
VAPatrick
68%
KYMcCracken
68%
WAStevens
68%
WASpokane
68%
MOPutnam
68%
NENemaha
68%
ORLincoln
68%
ILWarren
68%
TXCass
68%
CORoutt
68%
WADouglas
68%
NEArthur
68%
WAColumbia
68%
MOWayne
68%
GACharlton
68%
VALynchburg
68%
TXFranklin
68%
WAWalla Walla
68%
KYWebster
68%
ALMarion
68%
IDBonner
68%
MSLee
68%
GATroup
68%
MSItawamba
68%
OKJackson
68%
WIWaupaca
68%
GAPolk
68%
MAHampden
68%
LANatchitoches
68%
KSCherokee
68%
WILanglade
68%
TXGoliad
68%
LAGrant
68%
NCHoke
68%
MOMercer
68%
MOMacon
68%
OHOttawa
68%
WVGreenbrier
68%
ALTalladega
68%
ALRandolph
68%
NYLivingston
68%
NEFrontier
67%
NEPerkins
67%
PASusquehanna
67%
MSMonroe
67%
ARLittle River
67%
MSPontotoc
67%
PAMifflin
67%
PALuzerne
67%
MSQuitman
67%
OKHarmon
67%
MELincoln
67%
DEKent
67%
MOAdair
67%
ALLamar
67%
ALRussell
67%
ALJefferson
67%
IABuchanan
67%
MSClay
67%
ORWheeler
67%
COJackson
67%
ALShelby
67%
MORipley
67%
MOMiller
67%
IAHoward
67%
MEKnox
67%
GAAtkinson
67%
NYOrleans
67%
KYHenderson
67%
NYGenesee
67%
TXChildress
67%
FLPasco
67%
GACarroll
67%
MIAllegan
67%
IDMinidoka
67%
SDPerkins
67%
SCLexington
67%
NHStrafford
67%
NYWyoming
67%
GAWorth
67%
IDBlaine
67%
MEWaldo
67%
KSCrawford
66%
GALiberty
66%
TXRefugio
66%
NYJefferson
66%
LAAvoyelles
66%
OHAshtabula
66%
FLSt. Johns
66%
MNCook
66%
GAStewart
66%
MIClare
66%
IDGooding
66%
SDJones
66%
WAFerry
66%
GAChatham
66%
GABryan
66%
OHCuyahoga
66%
MIVan Buren
66%
MOSullivan
66%
OHErie
66%
TXBosque
66%
OHGeauga
66%
MINewaygo
66%
TXRed River
66%
OKHarper
66%
IDCassia
66%
TXStonewall
66%
TXLimestone
66%
OHWyandot
66%
NEHayes
66%
TXMcLennan
66%
TXRusk
66%
LAPointe Coupee
66%
ILLaSalle
66%
NEMadison
66%
NELoup
66%
SDTodd
66%
SDJackson
65%
GATift
65%
IDJerome
65%
MOChariton
65%
NYNiagara
65%
WAGrays Harbor
65%
MOGrundy
65%
GAMadison
65%
OKPontotoc
65%
NMTorrance
65%
SDMarshall
65%
MODaviess
65%
NYBroome
65%
SDMellette
65%
GAIrwin
65%
NYHerkimer
65%
IDBoundary
65%
NYMonroe
65%
MEYork
65%
ARFaulkner
65%
TXCalhoun
65%
IDOwyhee
65%
FLBrevard
65%
COEagle
65%
INDeKalb
65%
GABacon
65%
IDValley
65%
ORWallowa
65%
ILChampaign
65%
TXMatagorda
65%
IDTwin Falls
65%
TXCollingsworth
65%
PAWyoming
65%
NEGarfield
65%
TXHopkins
65%
MTLincoln
65%
IDLincoln
65%
NEBlaine
65%
GAMuscogee
64%
SDClark
64%
TXDickens
64%
CAAlameda
64%
GAPaulding
64%
MAMiddlesex
64%
MSChickasaw
64%
ALColbert
64%
OKKiowa
64%
GATerrell
64%
OKBryan
64%
FLDixie
64%
ILDouglas
64%
TXHarrison
64%
NVLincoln
64%
WYSublette
64%
MSWinston
64%
COPitkin
64%
TXFisher
64%
GAChattahoochee
64%
KSHodgeman
64%
OKWashita
64%
OHKnox
64%
CASan Mateo
64%
WAGarfield
64%
ORJefferson
64%
ORSherman
64%
MORandolph
64%
NCOnslow
64%
IAButler
64%
GADouglas
64%
MNDodge
64%
GAEffingham
64%
NMLincoln
64%
ORWasco
64%
VACampbell
64%
CAMarin
64%
TXFannin
64%
SDDay
64%
ORCrook
64%
NEAntelope
64%
WAWhitman
64%
IABremer
64%
FLGilchrist
63%
FLHernando
63%
OKGreer
63%
ORDeschutes
63%
ORJosephine
63%
VABath
63%
IABlack Hawk
63%
FLCitrus
63%
IAHardin
63%
WVRandolph
63%
TXErath
63%
ALMacon
63%
FLBaker
63%
TXSomervell
63%
SDOglala Lakota
63%
PAColumbia
63%
SDBennett
63%
CAColusa
63%
VALunenburg
63%
MSMontgomery
63%
NJAtlantic
63%
MIOceana
63%
OKBeckham
63%
MOCooper
63%
MIGenesee
63%
KSBarber
63%
KSWoodson
63%
MNSt. Louis
63%
NEValley
63%
NCStokes
63%
MTBroadwater
63%
MTDeer Lodge
63%
OHHuron
62%
VALexington
62%
MOLivingston
62%
SDGregory
62%
MSUnion
62%
CALake
62%
NEKeya Paha
62%
ORJackson
62%
VARockbridge
62%
WVPocahontas
62%
VABuena Vista
62%
ALTallapoosa
62%
COLake
62%
CAPlacer
62%
NERock
62%
MSTunica
62%
COChaffee
62%
CASan Francisco
62%
VANottoway
62%
NEBrown
62%
WIBayfield
62%
NDGrant
62%
ILFord
62%
TXRunnels
62%
TXKing
62%
OKJohnston
62%
KYHopkins
62%
CAEl Dorado
62%
ALLee
62%
IAFranklin
62%
TXMotley
61%
SCMarlboro
61%
WYWashakie
61%
MSYalobusha
61%
IAHancock
61%
MIBenzie
61%
NYChenango
61%
GAHaralson
61%
MIGratiot
61%
MSCoahoma
61%
ORKlamath
61%
NDStark
61%
ALCleburne
61%
ALSumter
61%
UTWeber
61%
MNWaseca
61%
UTMorgan
61%
ALChambers
61%
MILake
61%
MIOsceola
61%
NDHettinger
61%
NYWayne
61%
PASomerset
61%
MIMissaukee
61%
CASiskiyou
61%
SCDillon
61%
OHLake
61%
CAGlenn
61%
MAFranklin
61%
NCRobeson
61%
TXBaylor
61%
MIManistee
61%
TXKnox
60%
KYMuhlenberg
60%
MOBoone
60%
KSEdwards
60%
MIKalkaska
60%
OKGarfield
60%
OKCoal
60%
NYMadison
60%
VAAmelia
60%
MIMason
60%
MAHampshire
60%
MTMineral
60%
MIGrand Traverse
60%
MOLinn
60%
ILLivingston
60%
MIWexford
60%
ALBullock
60%
OHWayne
60%
NCScotland
60%
IACerro Gordo
60%
KSHarper
60%
MOOzark
60%
KSSumner
60%
SDLawrence
59%
AKBristol Bay
59%
TXHamilton
59%
NYOnondaga
59%
SDDouglas
59%
ALClay
59%
OHHolmes
59%
ARBaxter
59%
PANorthumberland
59%
WVUpshur
59%
IAFloyd
59%
MTLake
59%
NYSeneca
59%
TXPanola
59%
LACaddo
59%
ILShelby
59%
MOHoward
59%
MTMissoula
59%
NCRichmond
59%
WAKing
59%
MISaginaw
59%
NYOntario
59%
AKLake and Peninsula
59%
TXKent
59%
NYCayuga
59%
SDButte
59%
ALCalhoun
59%
NYTioga
58%
KSGreenwood
58%
WVGrant
58%
UTSalt Lake
58%
ILCumberland
58%
IAGrundy
58%
SDHarding
58%
TXAndrews
58%
TXCoke
58%
KSLyon
58%
IAWorth
58%
OKAtoka
58%
SDAurora
58%
ILWoodford
58%
CAMendocino
58%
NCMontgomery
58%
MOHowell
58%
KSNeosho
58%
SDMeade
58%
FLDeSoto
58%
SDJerauld
58%
TXHenderson
58%
KSRooks
58%
COGunnison
58%
MTFlathead
58%
NDAdams
58%
NHCoos
58%
IAMitchell
58%
MSDeSoto
57%
NECherry
57%
ARFulton
57%
TXDelta
57%
SCClarendon
57%
SCRichland
57%
SDBrule
57%
UTCache
57%
SCWilliamsburg
57%
SCMarion
57%
MNSibley
57%
KSKingman
57%
MNMcLeod
57%
ILMason
57%
KSNess
57%
ORLake
57%
KSNorton
57%
NEBoyd
57%
KSPhillips
57%
TXConcho
57%
NDSlope
57%
OHAshland
57%
KSKearny
57%
SDPennington
56%
KSWallace
56%
TXSterling
56%
WAKittitas
56%
MIMacomb
56%
KSKiowa
56%
MOOsage
56%
KSStanton
56%
WASnohomish
56%
KSMorton
56%
TXEastland
56%
ILMcLean
56%
ILMoultrie
56%
TNScott
56%
KYMcLean
56%
NYTompkins
56%
TXLamar
56%
OKCanadian
56%
WAThurston
56%
UTSummit
56%
MSLafayette
56%
PAMontour
56%
OKMcCurtain
56%
ILBureau
55%
PASullivan
55%
IAWinnebago
55%
PALycoming
55%
MDCaroline
55%
CAYuba
55%
NHHillsborough
55%
SDBrown
55%
ALConecuh
55%
WALewis
55%
SDBeadle
55%
ILDe Witt
55%
TXCrosby
55%
SDSpink
55%
COFremont
55%
ILStark
55%
SCDarlington
55%
KSCowley
55%
TNShelby
54%
TXCallahan
54%
TXReagan
54%
SDZiebach
54%
OKCaddo
54%
OKTexas
54%
TXGonzales
54%
LASt. Martin
54%
WAPierce
54%
ALEscambia
54%
ILKnox
54%
CASolano
54%
KSSherman
54%
FLGlades
54%
ALCovington
54%
NYCattaraugus
54%
KSCheyenne
53%
NDBowman
53%
UTWasatch
53%
TXIrion
53%
FLFranklin
53%
ILColes
53%
LALafayette
53%
LASt. Mary
53%
ILPiatt
53%
KSHamilton
53%
FLHendry
53%
NYCortland
53%
MOTexas
53%
TXTom Green
53%
KSMarion
53%
KSHarvey
53%
TXJones
52%
MNNicollet
52%
TXCoryell
52%
TXBell
52%
FLHighlands
52%
MEOxford
52%
KSScott
52%
COPueblo
51%
LAIberia
51%
MNTraverse
51%
NYErie
51%
MNSteele
51%
NCForsyth
51%
NYFranklin
51%
MNBig Stone
51%
ILLee
51%
OKGrady
51%
PAMercer
51%
UTDavis
51%
MSTate
51%
SCLee
51%
MILapeer
51%
CTNew Haven
51%
TXHansford
51%
TXLampasas
51%
PAUnion
51%
NCBladen
50%
FLCharlotte
50%
FLHardee
50%
NJCape May
50%
SDCharles Mix
50%
KSSedgwick
50%
NEGarden
50%
KSReno
50%
TXCaldwell
50%
SCSumter
50%
NVCarson City
50%
NYClinton
50%
MASuffolk
50%
WASkamania
50%
MSGrenada
49%
NDSargent
49%
FLSarasota
49%
NYSuffolk
49%
CASierra
49%
TXMenard
49%
TXComanche
49%
MIBay
49%
NHCheshire
49%
LAEvangeline
49%
NCPender
49%
CANevada
49%
FLManatee
49%
ILMarshall
49%
KSPawnee
49%
MNMeeker
49%
MSPanola
49%
KSGreeley
49%
TXSan Saba
49%
OKAlfalfa
49%
NMDoña Ana
49%
WVWebster
48%
CAAmador
48%
OKGrant
48%
MNWilkin
48%
FLCollier
48%
TXSutton
48%
OKLe Flore
48%
TXColeman
48%
ILPutnam
48%
VAPrince Edward
48%
MSMarshall
48%
KSButler
48%
CASan Diego
48%
SDRoberts
48%
NDMorton
48%
MTSheridan
48%
MTBeaverhead
48%
KSRawlins
47%
WAAsotin
47%
IDNez Perce
47%
LAVernon
47%
MSTallahatchie
47%
UTUtah
47%
TXMills
47%
TXSchleicher
47%
OKMcIntosh
47%
TXBrown
47%
NEHooker
47%
TXEl Paso
46%
OKKay
46%
OKBlaine
46%
MNGrant
46%
OKMuskogee
46%
MNStevens
46%
MNOtter Tail
46%
SDCorson
46%
TXGaines
46%
MITuscola
46%
ILMacon
46%
COSedgwick
46%
KSThomas
46%
MIMidland
46%
NDRichland
46%
ILPeoria
46%
CASan Joaquin
46%
TXHudspeth
46%
NYAllegany
46%
TXWilliamson
46%
NDSioux
46%
SCFlorence
46%
SDHughes
45%
NEDundy
45%
WIMarinette
45%
WYCampbell
45%
TXFalls
45%
PACrawford
45%
WIRusk
45%
TXMitchell
45%
VAAppomattox
45%
SCHorry
45%
LASt. Landry
45%
MTDaniels
45%
WYSheridan
45%
FLLee
44%
MNRenville
44%
WIBurnett
44%
MNPope
44%
MNDouglas
44%
MNPine
44%
NEHitchcock
44%
MNSwift
44%
WIWashburn
44%
OKMajor
44%
WAChelan
44%
SDBuffalo
44%
NDMountrail
44%
CASacramento
44%
MDSomerset
44%
INLaGrange
44%
WYJohnson
44%
WIOconto
44%
KSGove
44%
SDLyman
44%
LAVermilion
44%
TXCarson
43%
SCGeorgetown
43%
TXScurry
43%
TXCochran
43%
NDBurke
43%
NCColumbus
43%
TXSan Augustine
43%
COMesa
43%
OKChoctaw
43%
TXTravis
43%
PABradford
43%
MNTodd
43%
SDEdmunds
42%
MNKanabec
42%
NYYates
42%
ALCrenshaw
42%
HIHonolulu
42%
PACentre
42%
KSStafford
42%
NDDickey
42%
PAErie
42%
MIKent
42%
NEFurnas
42%
TXBrazoria
42%
SCOrangeburg
42%
MOCole
42%
ORLinn
42%
TXHutchinson
42%
TXYoakum
42%
SDFaulk
41%
TXGray
41%
NEDeuel
41%
SCCalhoun
41%
SCDorchester
41%
KSPratt
41%
TXGalveston
41%
NDTraill
41%
TXDonley
41%
LARapides
41%
LASabine
41%
PAClinton
41%
TXOchiltree
41%
OKWoods
41%
MEFranklin
41%
COProwers
41%
TXShackelford
41%
TXCrane
41%
WIKewaunee
41%
NYChautauqua
41%
MICass
41%
WIManitowoc
40%
SCBamberg
40%
IDLewis
40%
TXBailey
40%
CACalaveras
40%
TXShelby
40%
TXParmer
40%
ORHood River
40%
SCBeaufort
40%
TXMcCulloch
40%
AKAnchorage
40%
AKJuneau
40%
AKHaines
40%
NEGrant
40%
TXWheeler
40%
NDLaMoure
40%
NDMcHenry
40%
TXNolan
40%
WYHot Springs
40%
WYBig Horn
40%
TXPotter
40%
FLHillsborough
40%
FLMonroe
40%
MTMcCone
40%
SDTripp
40%
MNPolk
40%
MNMower
40%
SDMcPherson
40%
MNNorman
40%
MIArenac
40%
NMLea
39%
KSLogan
39%
WYFremont
39%
KSWichita
39%
MTRichland
39%
NVStorey
39%
MNClay
39%
TXArmstrong
39%
COPhillips
39%
TXRoberts
39%
MTRoosevelt
39%
WABenton
39%
SCColleton
39%
KSChase
39%
NDBottineau
39%
IDBannock
38%
SCBerkeley
38%
TXKarnes
38%
NEScotts Bluff
38%
NVLyon
38%
TXHall
38%
NDGrand Forks
38%
VACharlotte
38%
PAPotter
38%
TXLynn
38%
WISawyer
38%
NVDouglas
38%
MNFreeborn
38%
WIOutagamie
38%
KSLane
38%
ILTazewell
38%
CAAlpine
38%
TXTaylor
38%
HIHawaii
38%
TXEctor
38%
NMCurry
38%
MNMahnomen
38%
TXMoore
38%
NMDe Baca
37%
NDOliver
37%
MNPennington
37%
WAPacific
37%
UTEmery
37%
MNRed Lake
37%
TXGarza
37%
PATioga
37%
WIBrown
37%
LAAcadia
37%
NMRoosevelt
37%
SDHand
37%
IDOneida
37%
KSMorris
37%
TXReeves
37%
NYSteuben
36%
TXHays
36%
TXBee
36%
TXBorden
36%
MESomerset
36%
TXBrooks
36%
NESheridan
36%
DESussex
36%
NMHidalgo
36%
NMEddy
36%
TXRandall
35%
AZGreenlee
35%
OKHaskell
35%
KSDecatur
35%
CAButte
35%
MNMarshall
35%
UTPiute
35%
SDHyde
35%
LAAllen
35%
MIRoscommon
35%
MDWicomico
35%
MIGladwin
35%
NMLuna
35%
ILLogan
35%
NMGrant
35%
MNClearwater
34%
TXComal
34%
NECheyenne
34%
LAJefferson Davis
34%
TXBriscoe
34%
TXGuadalupe
34%
TXMidland
34%
TXHidalgo
34%
CAPlumas
34%
TXWinkler
34%
ORGrant
34%
TXNueces
34%
TXAtascosa
34%
TXWilson
34%
MIHuron
34%
NMBernalillo
33%
NDRenville
33%
NMLos Alamos
33%
NDWard
33%
TXMcMullen
33%
TXLive Oak
33%
NYChemung
33%
NDMcKenzie
33%
WYUinta
33%
MDWorcester
33%
MISt. Clair
33%
NEKimball
33%
MIOgemaw
33%
UTGrand
33%
SCCharleston
33%
TXSabine
33%
TXWard
32%
WASkagit
32%
MTHill
32%
CATulare
32%
CODelta
32%
MTChouteau
32%
TXBexar
32%
NDMcLean
32%
FLOkeechobee
32%
FLLevy
32%
SDCampbell
32%
TXGlasscock
32%
TXDawson
32%
IDLatah
32%
NMSandoval
32%
LADe Soto
32%
NMSanta Fe
32%
IDClearwater
32%
TXKleberg
32%
OKCimarron
32%
UTGarfield
31%
UTWayne
31%
CAFresno
31%
CAKings
31%
MOMoniteau
31%
TXSherman
31%
COGarfield
31%
MTLiberty
31%
NDEmmons
31%
MTBlaine
31%
WYLaramie
31%
FLMartin
30%
KSSheridan
30%
MNKandiyohi
30%
WYGoshen
30%
NVClark
30%
TXWillacy
30%
TXKenedy
30%
NDWilliams
30%
TXPecos
29%
NEBanner
29%
FLPalm Beach
29%
NDBenson
29%
NCBrunswick
29%
SDSully
29%
WYPlatte
29%
WYAlbany
29%
NCNew Hanover
29%
MIOntonagon
29%
NDDivide
29%
NDEddy
29%
IDIdaho
29%
MABarnstable
29%
TXLoving
29%
TXCameron
28%
SDFall River
28%
MIDickinson
27%
SCHampton
27%
NDSheridan
27%
MNMille Lacs
27%
WIDouglas
27%
NDPierce
27%
NEDawes
27%
COMontrose
27%
MIIron
27%
NYSchuyler
27%
TXMartin
27%
NEBox Butte
27%
NEMorrill
27%
TXBurnet
27%
KSTrego
26%
AZApache
26%
MNCarlton
26%
OKLatimer
26%
OKPushmataha
26%
AZNavajo
26%
MIMuskegon
26%
MNItasca
26%
NDWells
26%
NDRamsey
26%
CASanta Clara
26%
WAWhatcom
25%
WYNiobrara
25%
MTStillwater
25%
HIMaui
25%
TXBlanco
25%
CAMariposa
25%
WIFlorence
25%
NESioux
25%
MTCarbon
25%
OKPittsburg
25%
HIKalawao
25%
KSGraham
24%
NCCarteret
24%
SCJasper
24%
SDStanley
24%
CASan Bernardino
24%
CASanta Cruz
24%
KSRush
24%
MTWibaux
24%
UTBox Elder
24%
TXHoward
24%
MNStearns
24%
TXUpton
24%
MTFallon
23%
UTSanpete
23%
NDRolette
23%
NDTowner
23%
CAMadera
23%
MNAitkin
23%
FLSt. Lucie
23%
NERed Willow
22%
CASan Benito
22%
AKFairbanks North Star
22%
MTCarter
22%
WYCrook
22%
CAStanislaus
22%
OKEllis
22%
NDCass
22%
AKSoutheast Fairbanks
22%
ORUnion
21%
TXTerry
21%
WIAshland
21%
TXAransas
21%
MNMorrison
21%
TXFloyd
21%
NDGolden Valley
21%
COHinsdale
21%
MTPhillips
21%
NMHarding
20%
UTKane
20%
NMUnion
20%
COMineral
20%
TXHemphill
20%
CASanta Barbara
20%
TXCrockett
20%
OKWoodward
20%
MTValley
20%
MTPetroleum
20%
COArchuleta
20%
NDBillings
20%
MTPowder River
20%
TXLipscomb
20%
TXLubbock
20%
ORLane
19%
TXKendall
19%
TXJeff Davis
19%
NDDunn
19%
CARiverside
19%
WYPark
19%
TXCulberson
19%
COSaguache
19%
CORio Blanco
19%
TXHale
19%
TXPresidio
19%
CAImperial
19%
WYTeton
19%
MTGarfield
19%
TXLamb
19%
TXHockley
19%
MIBaraga
18%
FLEscambia
18%
MNBenton
18%
OKDewey
18%
OKRoger Mills
18%
COCostilla
18%
UTSevier
18%
FLIndian River
18%
UTBeaver
18%
CASan Luis Obispo
18%
TXDallam
18%
COOuray
18%
CATehama
18%
MTYellowstone
18%
NDSteele
18%
TXKerr
17%
NDGriggs
17%
MISanilac
17%
NMCibola
17%
NMMcKinley
17%
NMMora
17%
AZMaricopa
17%
ORDouglas
17%
MANantucket
17%
CAMerced
17%
MTSweet Grass
17%
MNWadena
17%
TXJim Hogg
17%
MTGolden Valley
16%
WIIron
16%
MNBecker
16%
MTBig Horn
16%
WYWeston
16%
SDPotter
16%
NMQuay
16%
COConejos
16%
IDBenewah
16%
COCuster
16%
COHuerfano
16%
TXDuval
16%
TXKimble
16%
TXJim Wells
16%
NDRansom
16%
TXSwisher
16%
MIMarquette
16%
MIHoughton
16%
COSan Juan
15%
NMSan Miguel
15%
COAlamosa
15%
COLa Plata
15%
MTTreasure
15%
MIAlcona
15%
TXZapata
15%
MICrawford
15%
MIIosco
15%
OKCuster
15%
MIGogebic
15%
TXLlano
15%
ORCoos
15%
NDFoster
15%
MTMusselshell
15%
MTPark
15%
COSan Miguel
14%
COOtero
14%
SDCuster
14%
AZYuma
14%
MICheboygan
14%
NDBurleigh
14%
CODolores
14%
TXHartley
14%
MTPondera
14%
TXGillespie
14%
NDStutsman
14%
TXBandera
14%
IDKootenai
14%
ORUmatilla
14%
MILeelanau
13%
NDNelson
13%
CORio Grande
13%
WAOkanogan
13%
AKNome
13%
TXLa Salle
13%
COMontezuma
13%
NDKidder
13%
TXMason
13%
HIKauai
13%
TXStarr
13%
CATrinity
13%
TXMedina
13%
ORMalheur
12%
TXWebb
12%
TXFrio
12%
TXCastro
12%
FLPinellas
12%
MTPrairie
12%
UTJuab
12%
UTMillard
12%
MIMenominee
12%
NMSan Juan
12%
TXOldham
12%
MIOtsego
12%
NDBarnes
12%
CATuolumne
12%
MNCrow Wing
12%
TXUvalde
11%
AKYukon-Koyukuk
11%
TXSan Patricio
11%
MIOscoda
11%
TXDeaf Smith
11%
MIAntrim
11%
ORMorrow
11%
NDPembina
11%
NDMcIntosh
11%
NDLogan
11%
CAMonterey
11%
MTCuster
11%
MTToole
11%
MIMackinac
11%
MICharlevoix
11%
UTTooele
11%
UTSan Juan
11%
FLSanta Rosa
11%
MIDelta
11%
MIEmmet
11%
NMSierra
10%
TXEdwards
10%
WIDoor
10%
MEPiscataquis
10%
SDWalworth
10%
IDShoshone
10%
NVMineral
10%
MNRoseau
10%
NMSocorro
10%
MNKittson
10%
TXReal
10%
CAMono
10%
WAKlickitat
10%
MTPowell
10%
CAHumboldt
10%
MTGranite
10%
MNHubbard
10%
MISchoolcraft
10%
TXVal Verde
10%
CAKern
10%
COBaca
10%
MTDawson
10%
MIMontmorency
10%
WAPend Oreille
9%
NVHumboldt
9%
NVLander
9%
AZPinal
9%
TXDimmit
9%
AZPima
9%
AZSanta Cruz
9%
MIAlpena
9%
WAYakima
9%
MIChippewa
9%
NMTaos
9%
UTDuchesne
9%
COBent
9%
NVEureka
9%
SDDewey
9%
TXKinney
9%
ORCurry
9%
MTLewis and Clark
9%
CALassen
9%
MTCascade
9%
NDMercer
9%
MIAlger
8%
NMRio Arriba
8%
MNCass
8%
ORGilliam
8%
NDWalsh
8%
MTGlacier
8%
AZMohave
8%
NVWashoe
8%
CAShasta
8%
MTTeton
8%
TXTerrell
8%
IDLemhi
8%
MTRosebud
8%
NVElko
7%
CADel Norte
7%
IDCuster
7%
MILuce
7%
UTCarbon
7%
IDPower
7%
TXZavala
7%
CAInyo
7%
MNBeltrami
7%
AKDenali
7%
NVChurchill
7%
NDCavalier
7%
NMColfax
7%
NMValencia
6%
MEAroostook
6%
MIPresque Isle
6%
CAModoc
6%
MTJudith Basin
6%
NVNye
6%
AZGraham
6%
AKKodiak Island
6%
AZCochise
6%
WYCarbon
5%
MTMeagher
5%
AZCoconino
5%
AZGila
5%
AKSitka
5%
COLas Animas
5%
AKNorth Slope
5%
AKWrangell
4%
AKBethel
4%
AKAleutians West
4%
NMGuadalupe
4%
AKAleutians East
4%
MTFergus
4%
AKKetchikan Gateway
4%
MTWheatland
4%
AZYavapai
4%
MNLake of the Woods
4%
AKKenai Peninsula
4%
TXMaverick
4%
TXBrewster
4%
AKPetersburg
4%
MNKoochiching
4%
AZLa Paz
4%
MIKeweenaw
3%
AKNorthwest Arctic
3%
UTDaggett
3%
AKValdez-Cordova
3%
AKSkagway
3%
NVEsmeralda
3%
UTUintah
3%
NVPershing
3%
NVWhite Pine
3%
MTRavalli
3%
AKYakutat
2%
AKPrince of Wales-Hyder
2%
WYNatrona
2%
WYConverse
2%
AKMatanuska-Susitna
2%
AKDillingham
2%
ORHarney
2%
WYSweetwater
2%
COMoffat
2%
NMCatron
2%
NMChaves
2%
NMOtero
2%
AKKusilvak
1%
AKHoonah-Angoon
1%

Score Distribution

Percentile by Number Answered

Percent of People with Each Score

Your Score History

You have not taken this quiz